[Event "WA Championship"]
[Site "Seattle"]
[Date "2007.02.17"]
[Round "5"]
[White "Perez, Ignacio"]
[Black "Readey, John"]
[Result "1-0"]
[WhiteElo "2239"]
[BlackElo "2336"]
[PlyCount "61"]
[EventDate "2007.02.??"]
[SourceDate "2007.02.11"]

1. e4 d6 2. d4 Nf6 3. Nc3 g6 4. f3 c6 5. a4 Bg7 6. Be3 O-O 7. Qd2 e5 8. O-O-O
Qa5 9. h4 h5 10. g4 hxg4 11. h5 gxh5 12. dxe5 Qxe5 13. Bf4 Qa5 14. Bxd6 Rd8 15.
e5 Ne8 16. Bd3 Nxd6 17. exd6 Na6 18. Nge2 gxf3 19. Nf4 Bg4 20. Rdg1 f2 21. Qxf2
Rxd6 22. Qg3 Qe5 23. Kb1 Nb4 24. Re1 Qf6 25. Bh7+ Kf8 26. Rhf1 Qh6 27. Ng6+
Rxg6 28. Rxf7+ Kxf7 29. Qc7+ Kf6 30. Qe5+ Kf7 31. Qe7# 1-0

[Event "WA Championship"]
[Site "Seattle"]
[Date "2007.02.17"]
[Round "6"]
[White "Bartron, Paul"]
[Black "Perez, Ignacio"]
[Result "0-1"]
[WhiteElo "2110"]
[BlackElo "2239"]
[PlyCount "50"]
[EventDate "2007.02.??"]
[SourceDate "2007.02.11"]

1. e4 g6 2. d4 Bg7 3. Nf3 d6 4. Bc4 Nf6 5. Nc3 O-O 6. Qe2 Nc6 7. d5 Na5 8. Bd3
c5 9. Nd1 e6 10. c4 exd5 11. exd5 Re8 12. Ne3 b5 13. O-O bxc4 14. Bxc4 Nxc4 15.
Qxc4 Rb8 16. Rd1 Rb4 17. Qd3 Qb6 18. b3 Ng4 19. Bd2 Nxe3 20. fxe3 Bf5 21. Qe2
Bxa1 22. Rxa1 Rbe4 23. Ng5 R4e5 24. Bc3 Rxe3 25. Qb2 Re2 0-1

[Event "WA Championship"]
[Site "Seattle"]
[Date "2007.02.17"]
[Round "6"]
[White "Pupols, Viktors"]
[Black "Koons, Nat"]
[Result "0-1"]
[WhiteElo "2237"]
[BlackElo "2280"]
[PlyCount "76"]
[EventDate "2007.02.??"]
[SourceDate "2007.02.11"]

1. Nf3 d5 2. c4 c6 3. b3 Bg4 4. e3 e5 5. h3 Bxf3 6. Qxf3 Nf6 7. Bb2 Bd6 8. Qd1
O-O 9. Be2 Nbd7 10. d3 Bb4+ 11. Nd2 dxc4 12. bxc4 Nc5 13. Qc2 Qa5 14. Bc1 Bc3
15. Rb1 Nfe4 16. dxe4 Rad8 17. O-O Bxd2 18. Bf3 Bxc1 19. Qxc1 Rd2 20. Rb2 Rfd8
21. Qa1 R2d6 22. Rc2 f6 23. Qb2 b6 24. Qb1 Qa3 25. Kh2 Kf8 26. Rfc1 Rd2 27. Qa1
Ke7 28. h4 Nb3 29. axb3 Qxa1 30. Rxa1 Rxc2 31. Rxa7+ Rd7 32. Ra6 Rb7 33. Kg3
Rc3 34. Ra3 Kd6 35. Bd1 Kc5 36. Kf3 Rd7 37. Ra1 Rd2 38. Be2 Rxb3 0-1

[Event "WA Championship"]
[Site "Seattle"]
[Date "2007.02.17"]
[Round "6"]
[White "Bragg, David"]
[Black "Raptis, Nick"]
[Result "0-1"]
[WhiteElo "2205"]
[BlackElo "2286"]
[PlyCount "60"]
[EventDate "2007.02.??"]
[SourceDate "2007.02.11"]

1. d4 Nf6 2. c4 g6 3. Nc3 Bg7 4. e4 O-O 5. Nf3 d6 6. Be2 e5 7. dxe5 dxe5 8.
Qxd8 Rxd8 9. Bg5 Nbd7 10. O-O-O Rf8 11. Nd5 c6 12. Ne7+ Kh8 13. Nxc8 Raxc8 14.
Be3 Rfe8 15. a3 Bf8 16. b4 a5 17. c5 axb4 18. axb4 b6 19. cxb6 Bxb4 20. Bc4 Kg7
21. Ng5 Re7 22. f4 Rb8 23. Rhf1 Ng4 24. Bg1 Nxb6 25. Bxf7 h6 26. fxe5 hxg5 27.
e6 Nc4 28. Kc2 Nge3+ 29. Kd3 Rd8+ 30. Ke2 Nxd1 0-1

[Event "WA Championship"]
[Site "Seattle"]
[Date "2007.02.17"]
[Round "6"]
[White "Readey, John"]
[Black "MacGregor, Michael"]
[Result "1-0"]
[WhiteElo "2336"]
[BlackElo "2175"]
[PlyCount "121"]
[EventDate "2007.02.??"]
[SourceDate "2007.02.11"]

1. Nf3 Nf6 2. c4 c6 3. d4 d5 4. e3 Bg4 5. Qb3 Qb6 6. Ne5 Qxb3 7. axb3 Be6 8.
Nc3 Nbd7 9. f4 g6 10. Be2 Bg7 11. Bf3 a6 12. Nxd7 Kxd7 13. Na4 Rad8 14. Nc5+
Kc8 15. Nxe6 fxe6 16. Bd2 h5 17. Bb4 Kd7 18. Ke2 Rdg8 19. Rag1 Rh7 20. Be1 Rgh8
21. g3 Ke8 22. Kd3 Kf7 23. h3 Rh6 24. Ba5 R6h7 25. Ra1 Ne8 26. c5 Nf6 27. Ra4
Rb8 28. Rb4 Ne8 29. h4 e5 30. dxe5 e6 31. Ra4 Bf8 32. Bb6 Ke7 33. Rb4 Ra8 34.
Ke2 Kd7 35. Kf2 Be7 36. Be2 Ng7 37. Bd3 Nf5 38. e4 dxe4 39. Bxe4 Kc8 40. Rd1 a5
41. Rc4 Ra6 42. Kf3 Rxb6 43. cxb6 Bd8 44. Bxc6 bxc6 45. Rxc6+ Kb7 46. Rxe6 Bxb6
47. Rxg6 Nd4+ 48. Ke4 Nxb3 49. f5 Rc7 50. f6 Rc4+ 51. Kd5 Rc5+ 52. Ke6 Rc6+ 53.
Kf7 Rc7+ 54. Kg8 Rc8+ 55. Kh7 Bd4 56. e6 a4 57. e7 Bxb2 58. Rd8 Rc7 59. Kg8
Bxf6 60. e8=Q Bxd8 61. Qxd8 1-0

[Event "WA Championship"]
[Site "Seattle"]
[Date "2007.02.17"]
[Round "6"]
[White "Lee, Michael"]
[Black "Collyer, Curt"]
[Result "0-1"]
[WhiteElo "2202"]
[BlackElo "2218"]
[PlyCount "128"]
[EventDate "2007.02.??"]
[SourceDate "2007.02.11"]

1. c4 c6 2. Nc3 d5 3. cxd5 cxd5 4. d4 Nf6 5. Nf3 Nc6 6. Bf4 e6 7. e3 Nh5 8. Bg3
Nxg3 9. hxg3 g6 10. Bd3 Bg7 11. O-O O-O 12. Rb1 Qe7 13. a3 Bd7 14. b4 Rfd8 15.
Qb3 Be8 16. Rfc1 Rac8 17. Rc2 Bf8 18. Rd1 a5 19. b5 a4 20. Nxa4 Na5 21. Qb2
Rxc2 22. Qxc2 Qxa3 23. Rb1 Qd6 24. Qc3 Ra8 25. e4 Nc4 26. Nc5 Qb6 27. exd5 exd5
28. Bxc4 dxc4 29. Ne5 Bg7 30. Qe3 c3 31. Nc4 Qd8 32. Qxc3 Bxd4 33. Qb4 Qe7 34.
Nd3 Qe2 35. Qd2 Qxd2 36. Nxd2 Ra3 37. Nf4 Ra2 38. Ne4 f5 39. Nd6 Bxf2+ 40. Kh2
Bf7 41. Nxb7 Ra3 42. Kh1 Bxg3 43. Ne2 Be5 44. Nc5 Bc4 45. Ng1 Bd4 46. Nb7 Bxb5
47. Rxb5 Ra1 48. Rd5 Bxg1 49. g3 Kg7 50. Rd7+ Kh6 51. Kg2 Bb6 52. Nd6 Bc5 53.
Nf7+ Kh5 54. Rd5 Rc1 55. Ne5 Kh6 56. Nf7+ Kg7 57. Ng5 Be7 58. Rd7 Rc2+ 59. Kf3
Kf6 60. Nxh7+ Ke6 61. Rb7 Rh2 62. g4 Rxh7 63. gxf5+ gxf5 64. Rb6+ Bd6 0-1

[Event "WA Championship"]
[Site "Seattle"]
[Date "2007.02.17"]
[Round "7"]
[White "Collyer, Curt"]
[Black "Readey, John"]
[Result "1/2-1/2"]
[WhiteElo "2218"]
[BlackElo "2336"]
[PlyCount "57"]
[EventDate "2007.02.??"]
[SourceDate "2007.02.11"]

1. Nf3 g6 2. d4 Bg7 3. c4 d6 4. Nc3 Nf6 5. Bf4 O-O 6. e3 c5 7. Be2 Bf5 8. h3
Ne4 9. Qb3 Nc6 10. d5 Na5 11. Qa3 Nxc3 12. bxc3 b6 13. O-O h6 14. Rad1 Bc8 15.
Bd3 Ba6 16. Nd2 Qc7 17. Rde1 Rab8 18. Rb1 f5 19. Qc1 g5 20. Bh2 Qd7 21. Qc2 f4
22. exf4 gxf4 23. Rfe1 Be5 24. Re4 b5 25. cxb5 Bxb5 26. Bxb5 Rxb5 27. Rxb5 Qxb5
28. Rxe5 dxe5 29. Qg6+ 1/2-1/2

[Event "WA Championship"]
[Site "Seattle"]
[Date "2007.02.18"]
[Round "7"]
[White "Perez, Ignacio"]
[Black "Bragg, David"]
[Result "1/2-1/2"]
[WhiteElo "2239"]
[BlackElo "2205"]
[PlyCount "84"]
[EventDate "2007.02.??"]
[SourceDate "2007.02.11"]

1. e4 e5 2. Nf3 Nc6 3. Bb5 a6 4. Ba4 Nf6 5. O-O Nxe4 6. d4 b5 7. Bb3 d5 8. dxe5
Be6 9. Qe2 Bc5 10. Be3 Qe7 11. Rd1 Rd8 12. Bxc5 Qxc5 13. Nbd2 Nxd2 14. Rxd2 Na5
15. Nd4 Qb6 16. c3 O-O 17. Bc2 Nc4 18. Rd3 Nxb2 19. Rg3 g6 20. h4 c5 21. Nf3 d4
22. cxd4 cxd4 23. Be4 Nc4 24. h5 Bd5 25. Ng5 Bxe4 26. Qxe4 d3 27. Nxh7 Kxh7 28.
e6 Qxe6 29. hxg6+ Qxg6 30. Rxg6 fxg6 31. Qh4+ Kg8 32. Qg4 Rf6 33. a4 d2 34.
axb5 axb5 35. Kh2 Rfd6 36. Rd1 Kg7 37. Qg5 Rd5 38. Qe7+ Kg8 39. Kg3 Rd3+ 40.
Kg4 R8d4+ 41. Kg5 Rd6 42. Qe8+ Kg7 1/2-1/2

[Event "WA Championship"]
[Site "Seattle"]
[Date "2007.02.18"]
[Round "7"]
[White "Raptis, Nick"]
[Black "Pupols, Viktors"]
[Result "0-1"]
[WhiteElo "2286"]
[BlackElo "2237"]
[PlyCount "82"]
[EventDate "2007.02.??"]
[SourceDate "2007.02.11"]

1. Nf3 d5 2. g3 Nf6 3. Bg2 e6 4. c4 Be7 5. O-O O-O 6. d4 dxc4 7. Qc2 a6 8. Qxc4
b5 9. Qc2 Bb7 10. Bf4 Nc6 11. Rd1 Nb4 12. Qc1 Rc8 13. Nc3 Nbd5 14. Ne5 Nxc3 15.
Qxc3 Bxg2 16. Kxg2 Nd5 17. Qf3 Bd6 18. Rac1 c5 19. dxc5 Rxc5 20. Rxc5 Bxc5 21.
Rd3 Qc8 22. e4 Nxf4+ 23. Qxf4 Be7 24. Qd2 h6 25. Rd7 Bf6 26. Ng4 Bxb2 27. Qd6
Qc4 28. Qf4 b4 29. Rc7 Qxa2 30. Kh3 Qb1 31. Kg2 Qd3 32. Rb7 a5 33. Ra7 Qb5 34.
e5 b3 35. Nf6+ gxf6 36. exf6 Qd5+ 37. f3 Qg5 38. Qa4 Bxf6 39. Qxb3 Qc5 40. Rd7
Rc8 41. Qb7 Qc2+ 0-1

[Event "WA Championship"]
[Site "Seattle"]
[Date "2007.02.18"]
[Round "7"]
[White "Koons, Nat"]
[Black "Lee, Michael"]
[Result "1-0"]
[WhiteElo "2280"]
[BlackElo "2202"]
[PlyCount "71"]
[EventDate "2007.02.??"]
[SourceDate "2007.02.11"]

1. e4 c5 2. a3 Nc6 3. b4 cxb4 4. axb4 Nxb4 5. c3 Nc6 6. d4 d5 7. exd5 Qxd5 8.
Na3 Bd7 9. Nf3 e6 10. Nb5 Rc8 11. c4 Qe4+ 12. Be2 a6 13. Ng5 Bb4+ 14. Kf1 Qf5
15. Na3 h6 16. Bd3 Qf6 17. Ne4 Qe7 18. Nc2 Nf6 19. Rb1 Nxe4 20. Bxe4 a5 21. Rb3
Na7 22. c5 Ba4 23. Rg3 g6 24. Bf4 Nb5 25. Qa1 Bxc2 26. Bxc2 e5 27. Bxe5 O-O 28.
Bxg6 fxg6 29. Rxg6+ Kf7 30. Rg7+ Ke8 31. Qa4 Qe6 32. Qxb5+ Rc6 33. Rxb7 Rxf2+
34. Kxf2 Qf5+ 35. Ke3 Qg5+ 36. Bf4 1-0

[Event "WA Championship"]
[Site "Seattle"]
[Date "2007.02.18"]
[Round "7"]
[White "MacGregor, Michael"]
[Black "Bartron, Paul"]
[Result "1-0"]
[WhiteElo "2175"]
[BlackElo "2110"]
[PlyCount "119"]
[EventDate "2007.02.??"]
[SourceDate "2007.02.11"]

1. e4 c5 2. Nf3 e6 3. d4 cxd4 4. Nxd4 Nf6 5. Nc3 Nc6 6. Nxc6 bxc6 7. e5 Nd5 8.
Ne4 Qc7 9. f4 Qb6 10. Bd3 Rb8 11. Qe2 Nb4 12. Be3 Nxd3+ 13. Qxd3 Qa5+ 14. Kf2
Ba6 15. Nd6+ Kd8 16. Qd4 c5 17. Qxc5 Qxc5 18. Bxc5 Kc7 19. b4 f6 20. Rhd1 fxe5
21. fxe5 Be7 22. c4 Rhf8+ 23. Kg1 Rf4 24. Rac1 Kd8 25. b5 Bb7 26. Bxa7 Bxd6 27.
Rxd6 Ra8 28. Bb6+ Ke8 29. Rd2 Ra4 30. c5 Bd5 31. c6 dxc6 32. bxc6 Rac4 33. Rdc2
Rxc2 34. Rxc2 Rc4 35. Rxc4 Bxc4 36. a3 Bb5 37. c7 Kd7 38. Kf2 Kc8 39. g3 Kb7
40. Ba5 Bd7 41. Ke3 Ka6 42. Bb4 Kb7 43. Bd6 Ba4 44. Kd4 Bd7 45. Kc5 Ba4 46. h4
Bd1 47. Kd4 Kc8 48. Ke3 h5 49. Kf4 g6 50. Kg5 Bc2 51. Kf6 Kd7 52. Kf7 Bd3 53.
a4 Bc2 54. a5 Bd3 55. Kf6 Bf5 56. a6 Bd3 57. a7 Be4 58. Kf7 Bd5 59. Kxg6 Bf3
60. a8=Q 1-0

[Event "WA Championship"]
[Site "Seattle"]
[Date "2007.02.18"]
[Round "8"]
[White "Bartron, Paul"]
[Black "Collyer, Curt"]
[Result "1/2-1/2"]
[WhiteElo "2110"]
[BlackElo "2218"]
[PlyCount "55"]
[EventDate "2007.02.??"]
[SourceDate "2007.02.11"]

1. d4 d5 2. Nf3 c6 3. g3 Bg4 4. Bg2 Nd7 5. O-O e6 6. Nbd2 Ngf6 7. c3 Qb6 8. Re1
Be7 9. a4 O-O 10. a5 Qc7 11. b4 e5 12. Nxe5 Nxe5 13. dxe5 Qxe5 14. Qb3 Qh5 15.
e4 dxe4 16. Nxe4 Nxe4 17. Rxe4 Be6 18. c4 b5 19. axb6 axb6 20. Rxa8 Rxa8 21.
Bb2 Rd8 22. Bf3 Qg6 23. Qe3 c5 24. b5 Bf6 25. Bxf6 Qxf6 26. Bg4 Rd6 27. Bxe6
fxe6 28. Kg2 1/2-1/2

[Event "WA Championship"]
[Site "Seattle"]
[Date "2007.02.18"]
[Round "8"]
[White "Raptis, Nick"]
[Black "Perez, Ignacio"]
[Result "0-1"]
[WhiteElo "2286"]
[BlackElo "2239"]
[PlyCount "50"]
[EventDate "2007.02.??"]
[SourceDate "2007.02.11"]

1. d4 Nf6 2. c4 g6 3. Nc3 Bg7 4. e4 O-O 5. f4 d6 6. Nf3 c5 7. d5 a6 8. a4 e6 9.
Be2 exd5 10. cxd5 Bg4 11. O-O Nbd7 12. Re1 Re8 13. h3 Bxf3 14. Bxf3 c4 15. Be3
Qa5 16. Kh1 Re7 17. Bd4 Rae8 18. e5 dxe5 19. fxe5 Nxe5 20. Bxe5 Rxe5 21. Rxe5
Rxe5 22. Qd4 Nxd5 23. Qxc4 Nxc3 24. Qc8+ Bf8 25. bxc3 b5 0-1

[Event "WA Championship"]
[Site "Seattle"]
[Date "2007.02.18"]
[Round "8"]
[White "Pupols, Viktors"]
[Black "Lee, Michael"]
[Result "0-1"]
[WhiteElo "2237"]
[BlackElo "2202"]
[PlyCount "106"]
[EventDate "2007.02.??"]
[SourceDate "2007.02.11"]

1. d4 Nf6 2. c4 c5 3. d5 b5 4. cxb5 a6 5. bxa6 g6 6. Nc3 Bxa6 7. f4 d6 8. Nf3
Bg7 9. e4 Qa5 10. Bxa6 Qxa6 11. Qe2 O-O 12. Qxa6 Rxa6 13. O-O Nbd7 14. Re1 Rb8
15. h3 Nb6 16. Re2 Na4 17. Nd1 Rb4 18. Nd2 Nd7 19. a3 Nxb2 20. Rb1 Nxd1 21.
axb4 Nc3 22. Re1 Nxb1 23. bxc5 Nxd2 24. c6 Nb6 25. Bxd2 Ra1 26. Rxa1 Bxa1 27.
Be3 Nc8 28. Kf2 Kf8 29. Ke2 e6 30. Kd3 exd5 31. exd5 Ke8 32. g4 f5 33. g5 Kd8
34. Kc4 Kc7 35. Kb5 Bb2 36. Bd2 Bd4 37. Ba5+ Bb6 38. Bd2 Bf2 39. Ba5+ Kb8 40.
Bd2 Nb6 41. Bb4 Nxd5 42. Bxd6+ Nc7+ 43. Kc4 Kc8 44. Kd3 Ne6 45. Ke2 Bb6 46. Kf3
Bc7 47. Bb4 Bxf4 48. h4 Kc7 49. Be1 Kxc6 50. Bf2 Kd5 51. Be1 Be5 52. Ba5 Nd4+
53. Kf2 Ke4 0-1

[Event "WA Championship"]
[Site "Seattle"]
[Date "2007.02.18"]
[Round "8"]
[White "Readey, John"]
[Black "Koons, Nat"]
[Result "1-0"]
[WhiteElo "2336"]
[BlackElo "2280"]
[PlyCount "91"]
[EventDate "2007.02.??"]
[SourceDate "2007.02.11"]

1. Nf3 Nf6 2. c4 e6 3. g3 d5 4. d4 Bb4+ 5. Bd2 Be7 6. Bg2 O-O 7. O-O c6 8. Qc2
Nbd7 9. Rd1 b6 10. b3 Ba6 11. Bf4 Rc8 12. Nc3 Nh5 13. Bc1 f5 14. Bb2 Qe8 15. e3
Nhf6 16. Ne2 Ne4 17. Nf4 Rf6 18. Ne5 Nxe5 19. dxe5 Rh6 20. f3 Nc5 21. Bf1 g5
22. Nd3 Qh5 23. Qg2 Rf8 24. Nxc5 Bxc5 25. Bd4 f4 26. gxf4 Bxd4 27. Rxd4 Rg6 28.
f5 exf5 29. cxd5 Bxf1 30. Rxf1 cxd5 31. Rxd5 Kh8 32. Qb2 g4 33. f4 g3 34. e6+
Kg8 35. e7 Re8 36. Rd8 Kf7 37. Rxe8 Kxe8 38. h3 Qxh3 39. Rc1 Qh2+ 40. Qxh2
gxh2+ 41. Kxh2 Rd6 42. Kg3 Kxe7 43. Rc7+ Rd7 44. Rxd7+ Kxd7 45. Kh4 Kd6 46. Kg5
1-0

[Event "WA Championship"]
[Site "Seattle"]
[Date "2007.02.18"]
[Round "8"]
[White "Bragg, David"]
[Black "MacGregor, Michael"]
[Result "1-0"]
[WhiteElo "2205"]
[BlackElo "2175"]
[PlyCount "137"]
[EventDate "2007.02.??"]
[SourceDate "2007.02.11"]

1. c4 g6 2. Nc3 Bg7 3. d4 Nf6 4. e4 d6 5. Be2 Nbd7 6. f4 O-O 7. g4 e5 8. g5 Ne8
9. dxe5 dxe5 10. f5 Nd6 11. f6 Nxf6 12. gxf6 Bxf6 13. Bh6 Bg7 14. Be3 Bh6 15.
Qd3 Be6 16. b3 f5 17. O-O-O f4 18. Bd2 b6 19. Nf3 Bg7 20. h4 h6 21. Rdg1 Bf7
22. Rg2 a5 23. a4 Nb7 24. Qxd8 Raxd8 25. Kc2 Nc5 26. Rhg1 Kh7 27. Bc1 Rfe8 28.
Bb2 c6 29. Rd1 Rxd1 30. Bxd1 Rd8 31. Rd2 Rxd2+ 32. Kxd2 Bf6 33. Bc2 Be6 34. Nd1
Nd7 35. Nf2 g5 36. hxg5 hxg5 37. Nd3 g4 38. Nfxe5 Bg5 39. Nxd7 f3+ 40. Ke1 Bh4+
41. Kf1 Bxd7 42. Nf4 Bg5 43. Nh5 Kh6 44. Ng3 Bf4 45. Kf2 Kg5 46. Nf5 Bxf5 47.
exf5 Kh4 48. Be4 Bg3+ 49. Kf1 Bd6 50. Bxc6 Kg5 51. f6 Kf4 52. Bc1+ Kf5 53. Bd7+
Kxf6 54. Bxg4 Ke5 55. Bxf3 Kd4 56. Bd1 Kd3 57. Kf2 Bc5+ 58. Kf3 Bg1 59. Kf4 Bd4
60. Kf5 Bc5 61. Ke5 Kc3 62. Kd5 Kd3 63. Kc6 Kc3 64. Bg5 Kd3 65. Bd8 Kd2 66.
Bxb6 Bb4 67. Bh5 Kc2 68. Bf7 Kxb3 69. Kb5 1-0

[Event "WA Premier"]
[Site "Seattle"]
[Date "2007.02.10"]
[Round "1"]
[White "May, Andy"]
[Black "Smith, Allen"]
[Result "0-1"]
[WhiteElo "2019"]
[BlackElo "1816"]
[PlyCount "96"]
[EventDate "2007.02.??"]
[SourceDate "2007.02.11"]

1. e4 c5 2. Nc3 e6 3. f4 d5 4. exd5 exd5 5. Bb5+ Nc6 6. Nf3 Nf6 7. Bxc6+ bxc6
8. Ne5 Qc7 9. O-O Bd6 10. d3 O-O 11. Na4 Bxe5 12. fxe5 Qxe5 13. Kh1 Ng4 14. Bf4
Qd4 15. Qf3 Qxa4 16. Bd6 Be6 17. Bxf8 Rxf8 18. h3 Nf6 19. Qg3 Nh5 20. Qg5 g6
21. b3 Qd4 22. Rae1 h6 23. Qxh6 Ng3+ 24. Kh2 Nxf1+ 25. Rxf1 Qe5+ 26. Kh1 Re8
27. Qh4 Bf5 28. g4 Qe2 29. Rf2 Qd1+ 30. Kg2 Be6 31. Qf6 d4 32. Kg3 Bd5 33. Kh4
Qe1 34. Kg5 Qe5+ 35. Qxe5 Rxe5+ 36. Kf6 Re6+ 37. Kg5 Kg7 38. h4 Re3 39. a4 Rf3
40. Rxf3 Bxf3 41. Kf4 Bd1 42. Ke5 Bxc2 43. Kd6 Bxb3 44. Kxc5 Bxa4 45. Kxd4 Bb5
46. Kc5 a5 47. d4 a4 48. Kb4 f5 0-1

[Event "WA Premier"]
[Site "Seattle"]
[Date "2007.02.10"]
[Round "1"]
[White "Cloy, Elston"]
[Black "Gale, Geoff"]
[Result "1-0"]
[WhiteElo "1959"]
[BlackElo "1964"]
[PlyCount "75"]
[EventDate "2007.02.??"]
[SourceDate "2007.02.11"]

1. d4 Nf6 2. Nc3 d5 3. Bg5 Nbd7 4. Nf3 c6 5. e3 b5 6. Bd3 g6 7. O-O Bg7 8. a4
b4 9. Ne2 O-O 10. a5 c5 11. c3 bxc3 12. bxc3 h6 13. Bh4 Ne4 14. Bxe4 dxe4 15.
Nd2 f5 16. Nf4 g5 17. Ne6 Qe8 18. Nxf8 Nxf8 19. Bg3 Ng6 20. f3 cxd4 21. cxd4
exf3 22. Qxf3 Ba6 23. Rfc1 f4 24. Bf2 e5 25. Qd5+ Kh8 26. Ne4 fxe3 27. Bxe3 Nf4
28. Bxf4 exf4 29. Re1 Rb8 30. Nxg5 Qg6 31. Nf7+ Kh7 32. Ne5 Qf6 33. Qe4+ Kg8
34. Rab1 Rf8 35. Rec1 Bc8 36. Rc6 Qg5 37. Nf3 Qxa5 38. Rxc8 1-0

[Event "WA Premier"]
[Site "Seattle"]
[Date "2007.02.10"]
[Round "1"]
[White "Kalina, Chris"]
[Black "Arganian, David"]
[Result "1-0"]
[WhiteElo "1954"]
[BlackElo "2020"]
[PlyCount "117"]
[EventDate "2007.02.??"]
[SourceDate "2007.02.11"]

1. d4 d5 2. c4 Nc6 3. Bf4 Nf6 4. e3 dxc4 5. Bxc4 e5 6. dxe5 Qxd1+ 7. Kxd1 Ng4
8. Ke2 Ngxe5 9. Bb5 Bd6 10. Nc3 a6 11. Bxe5 Bxe5 12. Bd3 Bg4+ 13. Nf3 O-O-O 14.
h3 Bxf3+ 15. gxf3 Rhe8 16. Bf5+ Kb8 17. Rhd1 g6 18. Bc2 Kc8 19. Bb3 f6 20. Bf7
Re7 21. Bd5 Bxc3 22. bxc3 Rd6 23. Rd2 Re5 24. Rad1 Rh5 25. Bxc6 Rxd2+ 26. Kxd2
bxc6 27. Rh1 Ra5 28. Ra1 Rh5 29. Rh1 Kd7 30. Kd3 Kd6 31. Kc4 Ke6 32. a3 Rf5 33.
f4 Rh5 34. Kd4 Rd5+ 35. Kc4 Rh5 36. Kd4 Kd6 37. c4 Ke6 38. Ke4 Rh4 39. Kd4 g5
40. f3 gxf4 41. e4 Rh5 42. h4 Ra5 43. Ra1 f5 44. a4 fxe4 45. Kxe4 Rh5 46. Rh1
Kd6 47. Kxf4 Kc5 48. Kg4 Rh6 49. Rc1 Kb4 50. f4 Rf6 51. f5 Kxa4 52. Kg5 Rf7 53.
Rb1 a5 54. f6 Rd7 55. Kf5 Rd2 56. f7 Rf2+ 57. Ke6 h5 58. Rb8 c5 59. Ke7 1-0

[Event "WA Premier"]
[Site "Seattle"]
[Date "2007.02.10"]
[Round "1"]
[White "Ballard, Clint"]
[Black "Sinanan, Josh"]
[Result "1/2-1/2"]
[WhiteElo "1913"]
[BlackElo "2088"]
[PlyCount "113"]
[EventDate "2007.02.??"]
[SourceDate "2007.02.11"]

1. f4 Nf6 2. Nf3 d5 3. g3 Bf5 4. d3 e6 5. Bg2 Be7 6. O-O h6 7. Qe1 O-O 8. h3
Bh7 9. Nbd2 Nbd7 10. b3 a5 11. a4 c6 12. Kh2 Qc7 13. e4 dxe4 14. Nxe4 Nxe4 15.
dxe4 Nc5 16. Ne5 Bf6 17. Bb2 Rfd8 18. Qe3 Nd7 19. Nc4 Bxb2 20. Nxb2 e5 21. f5
f6 22. Rfd1 Qb6 23. Qe2 Nc5 24. Nc4 Qc7 25. Rd2 Kh8 26. Rad1 Bg8 27. Bf3 Bxc4
28. Qxc4 b6 29. Qc3 Nb7 30. Rxd8+ Rxd8 31. Rxd8+ Nxd8 32. Kg2 Nb7 33. Kf2 Nc5
34. Ke3 Qf7 35. Be2 g6 36. Qd2 gxf5 37. Qd8+ Kh7 38. exf5 Qg7 39. Kf3 Qd7 40.
Qxd7+ Nxd7 41. Ke3 Kg7 42. Bf3 Nb8 43. Be4 Kf7 44. Kf3 c5 45. Bd5+ Kf8 46. Ke4
Na6 47. Bc4 Nc7 48. Be2 Ke7 49. Bh5 Kd6 50. Bf7 Ke7 51. Bg8 Ne8 52. Kf3 Nd6 53.
Be6 Kf8 54. Ke3 Kg7 55. Kd3 h5 56. h4 Kh6 57. Ke3 1/2-1/2

[Event "WA Premier"]
[Site "Seattle"]
[Date "2007.02.10"]
[Round "1"]
[White "Guo, Alex"]
[Black "Calpo, Benjamin"]
[Result "1-0"]
[WhiteElo "1922"]
[BlackElo "2008"]
[PlyCount "151"]
[EventDate "2007.02.??"]
[SourceDate "2007.02.11"]

1. c4 Nf6 2. Nc3 e5 3. Nf3 Nc6 4. g3 Bb4 5. Bg2 O-O 6. O-O d6 7. Nd5 Nxd5 8.
cxd5 Ne7 9. Ne1 c6 10. Nc2 Bc5 11. e4 cxd5 12. exd5 f5 13. d4 Bb6 14. dxe5 dxe5
15. d6 Nc6 16. Qd5+ Kh8 17. b3 Qe8 18. Ba3 Bd7 19. Rad1 Qg6 20. Nb4 Rae8 21.
Qc4 f4 22. Nd5 f3 23. Bh1 Nd4 24. Rd2 Bb5 25. Ne7 Qh5 26. Rxd4 Bxc4 27. Rxc4
Rd8 28. Rh4 Qf7 29. Re1 Bd4 30. Rc1 Qe6 31. Rc7 Rxd6 32. Bxf3 g5 33. Bg4 Qf6
34. Nf5 gxh4 35. Bxd6 Bxf2+ 36. Kg2 Bb6 37. Re7 h5 38. Bxe5 hxg4 39. Bxf6+ Rxf6
40. Re5 h3+ 41. Kf1 Rc6 42. Ne3 Rc1+ 43. Ke2 Bxe3 44. Kxe3 Rh1 45. Kf4 Rxh2 46.
Kxg4 Rh1 47. Rh5+ Kg7 48. Rxh3 Ra1 49. Rh2 Kg6 50. Rd2 Kf6 51. Rf2+ Kg6 52. Rd2
Kf6 53. Kf4 Rf1+ 54. Ke4 Ke6 55. g4 Re1+ 56. Kf4 Rg1 57. Kg5 a6 58. Re2+ Kf7
59. Rc2 Ke6 60. Rc7 Rg2 61. Rxb7 Rxa2 62. Kg6 Rg2 63. g5 Rg3 64. Rb6+ Ke7 65.
Kh6 a5 66. g6 Rh3+ 67. Kg7 Rc3 68. Rb5 Rg3 69. Rxa5 Rxb3 70. Re5+ Kd7 71. Re1
Rh3 72. Kf7 Rf3+ 73. Kg8 Kd6 74. g7 Rh3 75. Re4 Rh1 76. Kf7 1-0

[Event "WA Premier"]
[Site "Seattle"]
[Date "2007.02.10"]
[Round "2"]
[White "Smith, Allen"]
[Black "Ballard, Clint"]
[Result "1-0"]
[WhiteElo "1816"]
[BlackElo "1913"]
[PlyCount "63"]
[EventDate "2007.02.??"]
[SourceDate "2007.02.11"]

1. e4 e6 2. d4 d5 3. Nc3 dxe4 4. Nxe4 Nf6 5. Nxf6+ gxf6 6. Nf3 Rg8 7. Be3 Qd6
8. Qd2 Bd7 9. O-O-O Bc6 10. Bf4 Qd7 11. Kb1 Bd5 12. Bg3 Qc6 13. Qf4 Bd6 14.
Qxf6 Nd7 15. Qh4 Bxf3 16. gxf3 Qxf3 17. Bd3 Be7 18. Qe4 Qxe4 19. Bxe4 f5 20.
Bxb7 Rb8 21. Bc6 Ba3 22. b3 Rb6 23. d5 exd5 24. Bxd5 Rgg6 25. Bxc7 Ra6 26. Bc4
Rac6 27. Rhe1+ Be7 28. Ba5 Rxc4 29. bxc4 Nb6 30. c5 Nc4 31. Bd8 Rg7 32. c6 1-0

[Event "WA Premier"]
[Site "Seattle"]
[Date "2007.02.10"]
[Round "2"]
[White "Cloy, Elston"]
[Black "May, Andy"]
[Result "0-1"]
[WhiteElo "1959"]
[BlackElo "2019"]
[PlyCount "54"]
[EventDate "2007.02.??"]
[SourceDate "2007.02.11"]

1. d4 Nf6 2. Nc3 d5 3. Bg5 Bf5 4. f3 Nbd7 5. Nxd5 Nxd5 6. e4 h6 7. Bc1 e6 8.
exf5 exf5 9. Qd3 Bd6 10. g3 O-O 11. Bd2 c5 12. O-O-O cxd4 13. Qxd4 N7b6 14. Bd3
Qc7 15. Ne2 Be5 16. Qh4 Bf6 17. Qh3 Rac8 18. Qxf5 g6 19. Qg4 h5 20. Qh3 Qe5 21.
c3 Nb4 22. Be4 Nc4 23. Kb1 Nxb2 24. Kxb2 Qb5 25. Ka1 Qxe2 26. Qf1 Rxc3 27. Kb1
Rc2 0-1

[Event "WA Premier"]
[Site "Seattle"]
[Date "2007.02.10"]
[Round "2"]
[White "Arganian, David"]
[Black "Guo, Alex"]
[Result "0-1"]
[WhiteElo "2020"]
[BlackElo "1922"]
[PlyCount "118"]
[EventDate "2007.02.??"]
[SourceDate "2007.02.11"]

1. Nf3 f5 2. b4 Nf6 3. Bb2 e6 4. b5 d6 5. c4 e5 6. d3 Be7 7. g3 O-O 8. Bg2 c6
9. a4 Bd7 10. Nfd2 f4 11. Qb3 Qc8 12. Na3 a6 13. O-O Bh3 14. d4 Bxg2 15. Kxg2
e4 16. h3 Qf5 17. d5 Nbd7 18. dxc6 Nc5 19. Qc2 f3+ 20. exf3 exf3+ 21. Nxf3 Nfe4
22. Nd4 Qh5 23. Qe2 Qxe2 24. Nxe2 bxc6 25. Nc2 Nb3 26. Rad1 axb5 27. cxb5 cxb5
28. Nf4 Rxa4 29. Nd5 Bd8 30. Nd4 Nbd2 31. Ne6 Nxf1 32. Rxf1 Ra2 33. Nxf8 Rxb2
34. Ne6 Ba5 35. Ra1 Rxf2+ 36. Kg1 Bd2 37. Ra7 Bh6 38. Nc3 Rf8 39. Nxf8 Be3+ 40.
Kg2 Bxa7 41. Nxb5 Bf2 42. Ne6 Bxg3 43. Kf3 d5 44. Nec7 Bxc7 45. Nxc7 Nf6 46.
Kf4 Kf7 47. Ke5 h6 48. Nxd5 Nxd5 49. Kxd5 Kf6 50. Ke4 Kg5 51. Kf3 Kf5 52. Ke3
g5 53. Kf3 h5 54. Ke3 Ke5 55. Kf3 Kd4 56. Kf2 Ke4 57. Ke2 Kf4 58. Kf2 h4 59.
Kg2 Ke3 0-1